Statistics for Vanderbilt Football

Click here to take the quiz!

General Stats

  • This quiz has been taken 3 times
  • The average score is 9 of 15

Answer Stats

HintAnswer% Correct
Location of VanderbiltNashville, Tennessee
100%
What year was Vanderbilt's first season?1890
67%
How many have they won?4
67%
How many All-American players has Vanderbilt had?41
67%
How many bowl games have they been too?9
67%
In 2013, Vanderbilt beat Houston in what bowl?BBVA Compass Bowl
67%
Current Head CoachClark Lea
67%
Fight Song nameDynamite!
67%
Stadium nameFirstBank
67%
In 1955, Vanderbilt beat Auburn in what bowl?Gator Bowl
67%
In 2008, Vanderbilt beat Boston College in what bowl?Music City Bowl
67%
In 2012, Vanderbilt beat NC State in what bowl?Music City Bowl
67%
What year did they join the SEC?1933
33%
Marching band nameSprint of Gold
0%
In-state rival that started in 1892Tennessee Vols
0%

Score Distribution

Percentile by Number Answered

Percent of People with Each Score

Your Score History

You have not taken this quiz